Petroleum committee: Nine session, Geneva, 1980 :,The training of nationals as technicians and workers in the petroleum industry of developing countries, including continuous training and retraining in the light of technological progress
Gardado en:
| Formato: | Libro |
|---|---|
| Idioma: | Undetermined |
| Publicado: |
Geneva, Switzerland
International Labour Office
1980
|
| Những chủ đề: | |
| Các nhãn: |
Engadir etiqueta
Sen Etiquetas, Sexa o primeiro en etiquetar este rexistro!
|
| Thư viện lưu trữ: | Trung tâm Học liệu Trường Đại học Cần Thơ |
|---|
| LEADER | 00727nam a2200169Ia 4500 | ||
|---|---|---|---|
| 001 | CTU_107069 | ||
| 008 | 210402s9999 xx 000 0 und d | ||
| 082 | |a 665.5 | ||
| 082 | |b I.61/Rep.2 | ||
| 245 | 0 | |a Petroleum committee: Nine session, Geneva, 1980 :,The training of nationals as technicians and workers in the petroleum industry of developing countries, including continuous training and retraining in the light of technological progress | |
| 245 | 0 | |c International Labour Organisation | |
| 260 | |a Geneva, Switzerland | ||
| 260 | |b International Labour Office | ||
| 260 | |c 1980 | ||
| 650 | |a Petroleum engineering,Petroleum industry and trade | ||
| 904 | |i Minh | ||
| 980 | |a Trung tâm Học liệu Trường Đại học Cần Thơ | ||